000
00509nam a2200181Ia 4500
008
100917s9999 xx 000 0 und d
082
_b
61321
100
_a
कामतीकर प्रकाश
245
_a
स्वप्नगंधा
260
_b
विजय प्रकाशन
_c
1967
300
_a
97
365
_b
5
520
_a
निबंध
630
_a
स्वप्नगंधा
650
_a
निबंध
730
_a
स्वप्नगंधा
942
_c
BOOK
999
_c
666715
_d
666712